[Event "AUTO-OPEN-3600"]
[Site "http://www.queenalice.com/game.php?id=1404574"]
[Date "2016.1.16"]
[Round "1"]
[White "Equiferus"]
[Black "Dcar"]
[Result "1-0"]
[WhiteElo "1887"]
[BlackElo "1464"]

1. Nf3 Nc6 2. g3 d5 3. Bg2 e6 4. O-O g6 5. d3 Bg7 6. Re1 Nd4 7. Nxd4 Bxd4 8. e3
Bg7 9. Nc3 a6 10. d4 Nf6 11. b4 O-O 12. Ba3 b5 13. Qe2 c6 14. Bc1 Ne4 15. Nxe4
dxe4 16. Bxe4 Bb7 17. c4 Rb8 18. Bb2 Qd6 19. c5 Qc7 20. f4 f5 21. Bg2 a5 22. Bc3
axb4 23. Bxb4 Ra8 24. Bc3 Ra3 25. Bb4 Ra4 26. a3 Bf6 27. h4 h6 28. h5 g5 29.
Rad1 g4 30. e4 Qd7 31. e5 Be7 32. Bf1 Qe8 33. Qh2 Bd8 34. Bd3 Ba5 35. Rb1 Bxb4
36. axb4 Ra3 37. Red1 Qd8 38. Bc2 Qd5 39. Qf2 Bc8 40. Ra1 Rf3 41. Qg2 Qc4 42.
Rab1 1-0

[Event "AUTO-OPEN-3600"]
[Site "http://www.queenalice.com/game.php?id=1404575"]
[Date "2016.1.16"]
[Round "1"]
[White "Dcar"]
[Black "Equiferus"]
[Result "0-1"]
[WhiteElo "1462"]
[BlackElo "1889"]

1. Nf3 Nf6 2. d3 d5 3. c3 Nc6 4. d4 g6 5. Ne5 Nxe5 6. dxe5 Nh5 7. g3 Bg7 8. Qa4+
Bd7 9. Qb3 Be6 10. Qxb7 Bxe5 11. Qc6+ Kf8 12. Bh6+ Bg7 13. Bxg7+ Kxg7 14. Bg2
Rb8 15. b3 Rb6 16. Qa4 a6 17. O-O Bd7 18. Qd4+ Nf6 19. Bxd5 Rd6 20. c4 c6 21. e4
cxd5 22. e5 Rb6 23. exf6+ exf6 24. Qxd5 Re8 25. Nc3 Re5 26. Qg2 Qc8 27. Nd5 Rd6
28. Rfe1 Bh3 29. Qf3 Qd7 30. Nf4 Bg4 31. Qg2 g5 32. Nd5 Bh3 33. Qf3 Rf5 34. Qh5
g4 35. Re7 Rxh5 36. Rxd7 Rxd7 37. Nf4 Ra5 38. f3 gxf3 39. Nxh3 Rd2 40. Nf2 Raxa2
41. Rf1 f5 42. h4 Rab2 43. g4 fxg4 44. Nxg4 Rg2+ 0-1

[Event "AUTO-OPEN-3600"]
[Site "http://www.queenalice.com/game.php?id=1404600"]
[Date "2016.1.16"]
[Round "1"]
[White "ulisses67"]
[Black "Dcar"]
[Result "0-1"]
[WhiteElo "1425"]
[BlackElo "1728"]

1. e4 a6 2. d4 e6 3. Qh5 Nf6 4. Qf3 d6 5. e5 dxe5 6. dxe5 Nd5 7. Nh3 Nc6 8. Ng5
Nxe5 9. Qe4 Be7 10. Qxe5 Bf6 11. Qg3 O-O 12. Bd3 Nb4 13. Bxh7+ Kh8 14. h4 g6 15.
Na3 c6 16. h5 Kg7 17. hxg6 Bxg5 18. Bxg5 f6 19. Bh6+ Kh8 20. g7+ Kxh7 21. gxf8=Q
Nxc2+ 22. Nxc2 Qa5+ 0-1

[Event "AUTO-OPEN-3600"]
[Site "http://www.queenalice.com/game.php?id=1404601"]
[Date "2016.1.16"]
[Round "1"]
[White "Dcar"]
[Black "ulisses67"]
[Result "1-0"]
[WhiteElo "1647"]
[BlackElo "1452"]

1. Nf3 d6 2. h3 e5 3. e4 d5 4. Nxe5 dxe4 5. Qe2 Nf6 6. d3 Bd6 7. Nc4 Bb4+ 8. Nc3
Bf5 9. a3 Ba5 10. Nxa5 Qc8 11. Nxe4 Nxe4 12. dxe4 Be6 13. Qb5+ Bd7 14. Qe5+ Be6
15. Qxg7 Ke7 16. Bg5+ Kd6 17. O-O-O+ Kc5 18. Qd4# 1-0

[Event "AUTO-OPEN-3600"]
[Site "http://www.queenalice.com/game.php?id=1404618"]
[Date "2016.1.16"]
[Round "1"]
[White "Dcar"]
[Black "Rachman"]
[Result "0-1"]
[WhiteElo "1759"]
[BlackElo "2198"]

1. Nf3 e6 2. a3 f5 3. d3 Nf6 4. Bg5 Be7 5. Nc3 d5 6. d4 O-O 7. e3 c6 8. Be2 Qe8
9. Bxf6 Bxf6 10. Ne5 Nd7 11. Bh5 g6 12. Bf3 Nxe5 13. dxe5 Bxe5 14. O-O Qe7 15.
Rb1 Bxc3 16. bxc3 Qxa3 17. Qd4 b5 18. Qe5 Qe7 19. Qf4 a5 20. e4 fxe4 21. Qe3
exf3 22. g3 e5 23. Qh6 Rf5 24. Rfe1 Rh5 25. Qd2 e4 26. h4 Qe6 27. Qe3 Qh3 28.
Qxf3 exf3 29. Re8+ Kf7 30. Re7+ Kxe7 31. Re1+ Be6 32. Rxe6+ Kxe6 0-1

[Event "AUTO-OPEN-3600"]
[Site "http://www.queenalice.com/game.php?id=1404619"]
[Date "2016.1.16"]
[Round "1"]
[White "Rachman"]
[Black "Dcar"]
[Result "1-0"]
[WhiteElo "2146"]
[BlackElo "1647"]

1. c4 Nf6 2. Nc3 d5 3. cxd5 Nxd5 4. Nf3 Nc6 5. g3 g6 6. Bg2 Nxc3 7. bxc3 Bg7 8.
O-O O-O 9. d4 Bg4 10. h3 Bf5 11. Nh4 Bd7 12. e4 Qc8 13. Kh2 Na5 14. f4 Nc4 15.
f5 c6 16. Qd3 b5 17. e5 Rd8 18. fxg6 fxg6 19. Nxg6 hxg6 20. Qxg6 Be8 21. Qg5 Qe6
22. Be4 Bf7 23. Qh4 Kf8 24. Bg5 Ke8 25. Qh7 Bf6 26. exf6 exf6 27. Rxf6 Qe7 28.
Rxf7 Qxf7 29. Bg6 Qxg6 30. Re1+ Kf8 31. Qxg6 Nd2 32. Bh6# 1-0

[Event "OS INCLIVES"]
[Site "http://www.queenalice.com/game.php?id=1404800"]
[Date "2016.1.17"]
[Round "-"]
[White "adelio"]
[Black "Dcar"]
[Result "0-1"]
[WhiteElo "1713"]
[BlackElo "1669"]

1. d4 h6 2. c4 Nf6 3. Nc3 c6 4. e4 Qa5 5. Bd2 Qb6 6. Bc1 d6 7. Be2 Qa5 8. Kf1 e5
9. d5 cxd5 10. cxd5 a6 11. h4 Be7 12. h5 O-O 13. g4 Nh7 14. Nh3 Bh4 15. Bd2 Qb4
16. Qc1 Nf6 17. Bf3 Nxg4 18. Bxg4 Bxg4 19. Nf4 Bg5 20. Ng6 fxg6 21. hxg6 Bxd2
22. Qxd2 Qc4+ 23. Ne2 Qxe4 24. Rxh6 gxh6 25. Qxh6 Qxe2+ 26. Kg2 Qxf2+ 27. Kh1
Bf3# 0-1

[Event "AUTO-ADV-3585"]
[Site "http://www.queenalice.com/game.php?id=1407685"]
[Date "2016.2.5"]
[Round "1"]
[White "brunocalixto"]
[Black "Dcar"]
[Result "1-0"]
[WhiteElo "1690"]
[BlackElo "1579"]

1. d4 h6 2. e4 a6 3. Nc3 e6 4. Nf3 d6 5. a4 Nf6 6. Bc4 Be7 7. O-O O-O 8. e5 dxe5
9. Nxe5 Nbd7 10. Ne2 Nxe5 11. dxe5 Qxd1 12. Rxd1 Nd7 13. f4 Nb6 14. Bb3 Nd5 15.
c3 1-0

[Event "AUTO-ADV-3585"]
[Site "http://www.queenalice.com/game.php?id=1407686"]
[Date "2016.2.5"]
[Round "1"]
[White "Dcar"]
[Black "brunocalixto"]
[Result "0-1"]
[WhiteElo "1567"]
[BlackElo "1702"]

1. Nf3 Nf6 2. h3 g6 3. d3 Bg7 4. e4 d6 5. Be2 O-O 6. O-O e5 7. Bg5 Be6 8. Nh2
Qd7 9. Nc3 Nc6 10. Nb5 Nd4 11. Nxd4 exd4 12. c3 dxc3 13. bxc3 Rfe8 0-1

[Event "AUTO-ADV-3585"]
[Site "http://www.queenalice.com/game.php?id=1407697"]
[Date "2016.2.5"]
[Round "1"]
[White "Jackzapo"]
[Black "Dcar"]
[Result "1-0"]
[WhiteElo "2014"]
[BlackElo "1619"]

1. d4 h6 2. e4 a6 3. Nf3 d6 4. Nc3 Bg4 5. h3 Bxf3 6. Qxf3 e6 7. g4 Be7 8. Be2
Nf6 9. Be3 O-O 10. Rg1 Nh7 11. Qg3 Bg5 12. f4 1-0

[Event "AUTO-ADV-3585"]
[Site "http://www.queenalice.com/game.php?id=1407698"]
[Date "2016.2.5"]
[Round "1"]
[White "Dcar"]
[Black "Jackzapo"]
[Result "0-1"]
[WhiteElo "1621"]
[BlackElo "2012"]

1. Nf3 d5 2. d4 Nf6 3. h3 e6 4. Bg5 Be7 5. Ne5 Nbd7 6. Nxd7 Bxd7 7. Bxf6 Bxf6 8.
e3 O-O 9. Nc3 a6 10. Bd3 Rc8 11. O-O c6 0-1

[Event "AUTO-ADV-3585"]
[Site "http://www.queenalice.com/game.php?id=1407703"]
[Date "2016.2.5"]
[Round "1"]
[White "maurice91"]
[Black "Dcar"]
[Result "1-0"]
[WhiteElo "1720"]
[BlackElo "1753"]

1. d4 h6 2. e4 a6 3. c4 Nc6 4. Be3 e6 5. Bd3 d6 6. a3 d5 7. cxd5 exd5 8. e5 Be6
9. Ne2 Qh4 10. Nf4 Nxd4 11. O-O O-O-O 12. g3 Qg4 13. Bxd4 Qxd1 14. Rxd1 1-0

[Event "AUTO-ADV-3585"]
[Site "http://www.queenalice.com/game.php?id=1407704"]
[Date "2016.2.5"]
[Round "1"]
[White "Dcar"]
[Black "maurice91"]
[Result "0-1"]
[WhiteElo "1736"]
[BlackElo "1737"]

1. Nf3 c5 2. d4 cxd4 3. Nxd4 Nc6 4. e3 d5 5. Bb5 Bd7 6. Nxc6 bxc6 7. Ba6 e5 8.
O-O Nf6 9. Nc3 Rb8 10. Qe1 Bb4 11. a3 Bd6 12. b4 O-O 0-1

[Event "AUTO-OPEN-3609"]
[Site "http://www.queenalice.com/game.php?id=1407780"]
[Date "2016.2.5"]
[Round "1"]
[White "rpalmero"]
[Black "Dcar"]
[Result "1-0"]
[WhiteElo "2045"]
[BlackElo "1541"]

1. c4 d5 2. cxd5 Qxd5 3. Nc3 Qe5 4. Nf3 Qd6 5. d4 a6 6. e4 Bg4 7. h3 Bxf3 8.
gxf3 Nc6 9. Be3 Qb4 10. Qc2 O-O-O 11. d5 1-0

[Event "AUTO-OPEN-3609"]
[Site "http://www.queenalice.com/game.php?id=1407781"]
[Date "2016.2.5"]
[Round "1"]
[White "Dcar"]
[Black "rpalmero"]
[Result "0-1"]
[WhiteElo "1539"]
[BlackElo "2047"]

1. Nf3 c5 2. d4 cxd4 3. Qxd4 Nc6 4. Qc4 d5 5. Qf4 Nf6 6. e3 Bg4 7. Ne5 Nxe5 8.
Qxe5 e6 9. a3 Bd6 10. Bb5+ Ke7 11. Qd4 a6 12. Bd3 e5 0-1

[Event "AUTO-OPEN-3609"]
[Site "http://www.queenalice.com/game.php?id=1407808"]
[Date "2016.2.5"]
[Round "1"]
[White "Dcar"]
[Black "shirya00007"]
[Result "0-1"]
[WhiteElo "1632"]
[BlackElo "2094"]

1. Nf3 Nc6 2. d4 d5 3. e3 Bf5 4. a3 Nf6 5. Nh4 Bg4 6. Be2 Bxe2 7. Qxe2 a6 8. O-O
e6 9. c4 Be7 10. c5 O-O 11. Nc3 b6 12. cxb6 cxb6 13. b4 Qc7 14. b5 Na5 15. Nb1
Nb3 16. Ra2 Nxc1 0-1

[Event "AUTO-OPEN-3609"]
[Site "http://www.queenalice.com/game.php?id=1407809"]
[Date "2016.2.5"]
[Round "1"]
[White "shirya00007"]
[Black "Dcar"]
[Result "1-0"]
[WhiteElo "2092"]
[BlackElo "1634"]

1. c4 Nf6 2. Nc3 d5 3. cxd5 Nxd5 4. e4 Nxc3 5. bxc3 a6 6. Ba3 e6 7. Bxf8 Kxf8 8.
Nf3 Nc6 9. d4 g6 10. Bd3 Kg7 11. O-O Ne7 12. Rb1 b5 13. Ne5 Bb7 14. f4 Nc6 15.
f5 Nxe5 16. f6+ Kg8 17. dxe5 c5 18. Qf3 1-0

[Event "AUTO-OPEN-3609"]
[Site "http://www.queenalice.com/game.php?id=1407810"]
[Date "2016.2.5"]
[Round "1"]
[White "Dcar"]
[Black "Tartarugus"]
[Result "0-1"]
[WhiteElo "1680"]
[BlackElo "1667"]

1. Nf3 d6 2. h3 e5 3. e4 Nf6 4. d3 Nc6 5. Nc3 Nd4 6. Nxd4 exd4 7. Ne2 d5 8. e5
Nh5 9. Nxd4 c5 10. Nb3 d4 11. Qxh5 g6 12. Qf3 Be6 13. Be2 Be7 0-1

[Event "AUTO-OPEN-3609"]
[Site "http://www.queenalice.com/game.php?id=1407811"]
[Date "2016.2.5"]
[Round "1"]
[White "Tartarugus"]
[Black "Dcar"]
[Result "1-0"]
[WhiteElo "1684"]
[BlackElo "1663"]

1. e4 h6 2. Nf3 Nc6 3. d4 a6 4. e5 d6 5. d5 Nb8 6. Bc4 b5 7. Bb3 Bg4 8. Qd4 dxe5
9. Qxg4 Nf6 10. Qb4 e6 11. Qd2 e4 12. dxe6 Qxd2+ 13. Bxd2 exf3 14. exf7+ 1-0